| 000 | 00707cam a22002535a 4500 | ||
|---|---|---|---|
| 001 | L159732 | ||
| 008 | 150226s2017 xxk f 000 0 eng d | ||
| 035 | _a(Sirsi) u159732 | ||
| 041 | 0 | _aeng | |
| 100 | 1 |
_aHooper, Brendon _96168 |
|
| 245 | 0 | 0 | _aCollector's items |
| 260 | _c2017 | ||
| 490 |
_aModus _vSeptember 2017, 32-33 (2) |
||
| 520 | _aBoom in luxury market proves real estate isn't the only safe haven for investors in times of uncertainty. | ||
| 590 | _aKA | ||
| 650 | 2 | 4 | _aCOLLECTORS SALES |
| 650 | 2 | 4 | _aANTIQUES MARKET |
| 650 | 2 | 4 | _aCLASSIC CARS |
| 650 | 2 | 4 | _aCOLLECTIBLES |
| 650 | 2 | 4 | _aALTERNATIVE INVESTMENT MARKET |
| 651 | 4 | _aInternational | |
| 690 | _aINVESTMENT | ||
| 942 | _n0 | ||
| 999 |
_c84943 _d84943 |
||